| 000 | 00452nam a22001577a 4500 | ||
|---|---|---|---|
| 005 | 20260421115721.0 | ||
| 008 | 260421b |||||||| |||| 00| 0 eng d | ||
| 020 | _a9780435902483 | ||
| 050 |
_aPQ3989.2 _b.B3 |
||
| 100 | _aMariama Bâ | ||
| 245 | _aSo long a letter | ||
| 260 |
_aLONDON _bHeinemann, _c2008 |
||
| 300 | _aX, 96P. | ||
| 650 |
_aSenegalese Fiction (English translation) _vAfrican Literature _xFeminist / gender-focused fiction |
||
| 942 | _cBK | ||
| 999 |
_c4673 _d4673 |
||